Ramayana traditions in eastern India/ (Record no. 158835)

000 -LEADER
fixed length control field 00362nam a22001451a 4500
082 ## - DEWEY DECIMAL CLASSIFICATION NUMBER
Classification number 294.592 2046
Item number SMI/R
100 ## - MAIN ENTRY--PERSONAL NAME
Personal name Smith W L
245 ## - TITLE STATEMENT
Title Ramayana traditions in eastern India/
Statement of responsibility, etc. by Smith W L.
260 ## - PUBLICATION, DISTRIBUTION, ETC.
Place of publication, distribution, etc. New Delhi:
Name of publisher, distributor, etc. Munshiram Manoharlal,
Date of publication, distribution, etc. 1995.
300 ## - PHYSICAL DESCRIPTION
Extent 205p.
650 ## - SUBJECT ADDED ENTRY--TOPICAL TERM
Topical term or geographic name entry element Hinduism
650 ## - SUBJECT ADDED ENTRY--TOPICAL TERM
Topical term or geographic name entry element Ramayana
650 ## - SUBJECT ADDED ENTRY--TOPICAL TERM
Topical term or geographic name entry element Religion
942 ## - ADDED ENTRY ELEMENTS (KOHA)
Koha item type Book
Holdings
Withdrawn status Lost status Damaged status Not for loan Permanent Location Current Location Shelving location Date acquired Cost, normal purchase price Total Checkouts Full call number Barcode Date last seen Price effective from Koha item type
        RC Thiruvananthapuram RC Thiruvananthapuram   07.09.2018 400.00   294.592 2046 SMI/R TV003552 07.09.2018 07.09.2018 Book